• 首页
  • 本馆介绍
  • 公告通知
  • 最新文献
  • 馆藏检索
  • 电子资源
  • 读者导购
  • 参考咨询
  • 我的图书馆
  • 登录
  • 详细信息显示
  • 放入我的书架
  • 预约/预借图书
  • 作者相关作品
  • 分类相关作品
  • 丛书相关作品
  • 出版社相关作品

书目信息

  • 表格格式
  • 工作单格式
  • 卡片格式
题名:
一寸河山一寸血
    
 
作者: 关河五十州 著
分册: 04   万里烽烟
出版信息: 杭州   浙江人民出版社  2015
页数: 314页
开本: 24cm
丛书名:
单 册:
中图分类: I253.8 , I247.53
科图分类:
主题词: 国民党军--抗日战争史--1939-1941--史料 , 纪实文学--中国--当代 , 小说--中国
电子资源:
ISBN: 978-7-213-06761-7
000 00705nam0 2200253 450
001 352039
005 20161017151920.64
010    @a978-7-213-06761-7@dCNY39.80
100    @a20160321d2015 em y0chiy50 ea
101 0  @achi
102    @aCN@b330000
105    @aa z 000zy
106    @ar
200 1  @a一寸河山一寸血@h04@i万里烽烟@e1938-1941@f关河五十州著
210    @a杭州@c浙江人民出版社@d2015
215    @a314页@c图,照片@d24cm
606 0  @a国民党军@x抗日战争史@z1939-1941@j史料
606 0  @a纪实文学@y中国@z当代
606 0  @a小说@x中国
690    @aI253.8@v5
690    @aI247.53@v4
701  0 @a关河五十州@4著
801  0 @aCN@bTANGWEI@c20161010
905    @b0897777-82@dI247.53@e3046:4@f6
    
    一寸河山一寸血.04.万里烽烟:1938-1941/关河五十州著.-杭州:浙江人民出版社,2015
    314页:图,照片;24cm
    
    
    ISBN 978-7-213-06761-7:CNY39.80
    
●
相关链接 在E读中查询图书 在五车中查询图书 在当当中查询图书 在豆瓣中查询图书


正题名:一寸河山一寸血     索取号:I247.53/3046:4         预约/预借

序号 登录号 条形码 馆藏地/架位号 状态 备注
1 0897777   208977776   第一样本阅览室/ [索取号:I247.53/3046:4] 在馆    
2 0897778   208977785   教育系资料室/ [索取号:I247.53/3046:4] 在馆    
3 0897779   208977794   教育系资料室/ [索取号:I247.53/3046:4] 在馆    
4 0897780   208977801   第二借阅区/ [索取号:I247.53/3046:4] 在馆    
5 0897781   208977810   第二借阅区/ [索取号:I247.53/3046:4] 在馆    
6 0897782   208977829   第二借阅区/ [索取号:I247.53/3046:4] 在馆    
唐山师范学院图书馆 欢迎您!
大连网信软件有限公司© 版权所有